Obálka Náhled e-knihy:
PDF Epub
Pro půjčování e-knih musíte být přihlášeni.
Jak si půjčit online?

Stíny nad Malinovým vrchem: Změníš mě /

ZDÁLO SE, ŽE NEBEZPEČÍ POMINULO. NĚKDY SE VŠAK MŮŽE TVÁŘIT NENÁPADNĚ A O TO VÍC NÁS ZASKOČÍ.Hrůzy děsuplného světa Toho, kdo spí pod mořem, se rozplynuly jako noční můra. Malinový vrch se opět nadechl, když ho pařát odvěkého zla pustil, ale běda! Nebezpečí stále ještě není zažehnáno.To ohavné kousnu...

Celý popis

Uloženo v:
Série:Stíny nad Malinovým vrchem, část 3
Hlavní autor: Fiala, Dominik (Autor)
Médium: E-kniha
Jazyk:Czech
Vydáno: Praha : DOBROVSKÝ s.r.o., 2025
Příbuzné jednotky:Z cyklu:: Stíny nad Malinovým vrchem
Tagy:
Žádné tagy
LEADER 02084nam a22002417i 4500
001 312890
007 ta
008 260601s2025 xr ||||| |||| 00| 0 cze d
020 |a 9788027761883 
044 |a xr 
100 1 |a  Fiala, Dominik  |4 aut 
245 1 0 |a Stíny nad Malinovým vrchem: Změníš mě /  |c  Fiala, Dominik 
264 1 |a Praha :  |b DOBROVSKÝ s.r.o.,  |c 2025 
300 |a 1 online zdroj (168 stran) 
336 |a text  |b txt  |2 rdacontent 
337 |a bez média  |b n  |2 rdamedia 
338 |a online zdroj  |b cr  |2 rdacarrier 
520 2 |a ZDÁLO SE, ŽE NEBEZPEČÍ POMINULO. NĚKDY SE VŠAK MŮŽE TVÁŘIT NENÁPADNĚ A O TO VÍC NÁS ZASKOČÍ.Hrůzy děsuplného světa Toho, kdo spí pod mořem, se rozplynuly jako noční můra. Malinový vrch se opět nadechl, když ho pařát odvěkého zla pustil, ale běda! Nebezpečí stále ještě není zažehnáno.To ohavné kousnutí strašlivého Soumračného rybáře, o kterém Lenka nikomu neřekla! Svět jí před očima potemněl. V kraji, jenž se teprve zotavuje z předešlých událostí, se Mořské kočky pouštějí do závodu s časem. Dokážou ve světě, který je pro ně cizí, najít zázračné bylinky a uzdravit Lenku dřív, než bude pozdě?Jenže záchrana se neobejde bez Červánky. Kam ale zmizela? Jedno je jisté – Lenka Sedmikrásková nesmí usnout. K tomu se hodí dobrý příběh a Pan Kočičí si vzpomněl, že jeden takový zná. Je o jeho předešlém životě. A o zrodu Černokněžného pána.ZHLUBOKA SE NADECHNIA VYDEJ SE LENCEZACHRÁNIT ŽIVOT! 
787 0 8 |g 3  |i Z cyklu:  |t Stíny nad Malinovým vrchem 
910 |a RBIT002 
998 |d 424356  |a https://core.palmknihy.cz/api/books/424356/cover?t75lx4  |b https://core.palmknihy.cz/api/books/424356/cover/400?t75lx4  |c https://core.palmknihy.cz/api/books/424356/cover/50?t75lx4  |e 2035-11-26  |g 168  |i 9788027761883  |j https://core.palmknihy.cz/api/books/424356/preview.epub  |k https://core.palmknihy.cz/api/books/424356/preview.pdf  |l   |q 49  |r 1  |s https://www.palmknihy.cz/kniha/424356  |t ebook  |y 2025  |z 1  |v Stíny nad Malinovým vrchem  |w 3 
999 |d 312888